000 00453nam a2200181Ia 4500
001 9550
003 GE_BSU
008 181216s||||||||xx |||||||||||||| ||und||
040 _cGE_BSU
245 _aSQL Server. №3 (159). Март.2014.
245 _bЖурнал для профессионалов.
260 _aМосква
260 _bИнфопресс
260 _c2014
300 _a23стр.29см.
653 _aSQL Server
942 _cCR
999 _c42844
_d42844